| 000 | 00419nam a22001337a 4500 | ||
|---|---|---|---|
| 040 | _cNUST | ||
| 082 | _a200 THE | ||
| 100 |
_aShayan Khan _998372 |
||
| 110 |
_aSupervisor Dr. Fahad Mumtaz Malik _984416 |
||
| 245 | _aTH-SOF-2032-Extended Order High Gain Observer Based Model Predictive Control Of An Electric Vehicle | ||
| 260 |
_aISLAMABAD: _bNUST COLLEGE OF EME, _c2022. |
||
| 650 | _aMS-ELECT-18 | ||
| 942 |
_2ddc _cTHE |
||
| 999 |
_c591282 _d591282 |
||